000 02775cam a22002174a 4500
005 20250605164121.0
008 250528s ||||||||||||||||||||||||d
035 _a18276
020 _a9607344294
040 _aGR-AtMCL
_bgre
_dGR-AtMCL
_eAACR2
245 1 _aΔιοικητικό Marketing στο Λιανικό Εμπόριο
260 _bΣύγχρονη Εκδοτική,
_c1994
300 _a272
505 0 _aΕισαγωγή στο Λιανικό Εμπόριο, Στρατηγικός Προγραμματισμός στο Λιανικό Εμπόριο, Οι Θεσμοί του Λιανικού Εμπορίου, Αναγνώριση και Κατανόηση των Καταναλωτών, Η Έρευνα Marketing στο Λιανικό Εμπόριο, Ανάλυση της Περιοχής Εμπορίου, Η Διοίκηση των Ανθρώπινων Πόρων στο Λιανικό Εμπόριο, Διοίκηση Λειτουργιών, Η Διαχείριση του Μίγματος Προιόντων, Τιμολογιακή Πολιτική στο Λιανικό Εμπόριο, Δημιουργία και Διατήρηση της Εικόνας του Καταστήματος, Στρατηγική Προβολής, Ολοκλήρωση και Έλεγχος της Στρατηγικής του Λιανικού Εμπορίου, Λιανικό Εμπόριο Υπηρεσιών, Το Μεταβαλλόμενο Περιβάλλον του Λιανικού Εμπορίου.
520 _aΕισαγωγή στο Λιανικό Εμπόριο, Στρατηγικός Προγραμματισμός στο Λιανικό Εμπόριο, Οι Θεσμοί του Λιανικού Εμπορίου, Αναγνώριση και Κατανόηση των Καταναλωτών, Η Έρευνα Marketing στο Λιανικό Εμπόριο, Ανάλυση της Περιοχής Εμπορίου, Η Διοίκηση των Ανθρώπινων Πόρων στο Λιανικό Εμπόριο, Διοίκηση Λειτουργιών, Η Διαχείριση του Μίγματος Προιόντων, Τιμολογιακή Πολιτική στο Λιανικό Εμπόριο, Δημιουργία και Διατήρηση της Εικόνας του Καταστήματος, Στρατηγική Προβολής, Ολοκλήρωση και Έλεγχος της Στρατηγικής του Λιανικού Εμπορίου, Λιανικό Εμπόριο Υπηρεσιών, Το Μεταβαλλόμενο Περιβάλλον του Λιανικού Εμπορίου.
700 1 _aΚιουλαφας Κ.Κ
_91044
700 1 _aΚυριαζόπουλος Π. Γ
_92543
942 _cBK
999 _c3644
_d3644